000 01707nam a2200277Ia 4500
999 _c40001
_d40001
001 6607
003 GE_BSU
005 20191119151732.0
008 181216s2012||||ge |||||||||||||| ||geo||
020 _a9789941195846
040 _cGE_BSU
041 _ageo
080 _a94(479.22) ს-32
245 _aსაქართველოს ისტორია 4 ტომად :
_bტ. 1 ; საქართველოს ისტორია უძველესი დროიდან ახალი წელთაღრიცხვის IV საუკუნემდე /
_cგიორგი მელიქიშვილი, ანდრია აფაქიძე, ოთარ ჯაფარიძე, დავით მუსხელიშვილი ; რედ. დავით მუსხელიშვილი
264 _aთბილისი :
_bპალიტრა L,
_c2012.
300 _a303 გვ.;
_b25 სმ.
653 _aსაქართველოს ისტორია
700 _aმელიქიშვილი, გიორგი
_eავტორი
_95453
700 _a აფაქიძე, ანდრია
_eავტორი
_95454
700 _aჯაფარიძე, ოთარ
_eავტორი
_95455
700 _aმუსხელიშვილი, დავით
_eავტორი
_95456
700 _aლორთქიფანიძე, მარიამ
_eრედაქტორი
_91534
700 _aჯაფარიძე, ოთარ
_eრედაქტორი
_95455
700 _aმუსხელიშვილი, დავით
_eრედაქტორი
_95456
942 _cBK
_2udc